Lírica hispánica (Record no. 100040)

MARC details
000 -LEADER
campo de control de longitud fija 00781nam a2200229 i 4500
001 - NÚMERO DE CONTROL
campo de control 100040
003 - IDENTIFICADOR DE NÚMERO DE CONTROL
campo de control ES-MaACL
005 - FECHA Y HORA DE LA ÚLTIMA TRANSACCIÓN
campo de control 20250725232353.0
007 - CAMPO FIJO DE DESCRIPCIÓN FÍSICA--INFORMACIÓN GENERAL
campo de control de longitud fija t|
008 - DATOS DE LONGITUD FIJA--INFORMACIÓN GENERAL
campo de control de longitud fija 050921s1966 sp ||||1| spa d
100 1# - ENTRADA PRINCIPAL--NOMBRE DE PERSONA
Nombre de persona Martínez Torner, Eduardo.
9 (RLIN) 78446
245 10 - MENCIÓN DEL TÍTULO
Título Lírica hispánica
Resto del título : relaciones entre lo popular y lo culto /
Mención de responsabilidad, etc. Eduardo Martínez Torner ; prólogo de Homero Serís.
260 ## - PUBLICACIÓN, DISTRIBUCIÓN, ETC.
Lugar de publicación, distribución, etc. Madrid :
Nombre del editor, distribuidor, etc. Castalia,
Fecha de publicación, distribución, etc. 1966.
300 ## - DESCRIPCIÓN FÍSICA
Extensión 459 p. ;
Dimensiones 23 cm.
490 1# - MENCIÓN DE SERIE
Mención de serie La Lupa y el Escalpelo ;
Designación de volumen o secuencia 5
650 #4 - PUNTO DE ACCESO ADICIONAL DE MATERIA--TÉRMINO DE MATERIA
Término de materia o nombre geográfico como elemento de entrada Canciones españolas.
9 (RLIN) 168791
650 #7 - PUNTO DE ACCESO ADICIONAL DE MATERIA--TÉRMINO DE MATERIA
Término de materia o nombre geográfico como elemento de entrada Poesías españolas
Fuente del encabezamiento o término embne
9 (RLIN) 16214
700 1# - ENTRADA AGREGADA--NOMBRE PERSONAL
Nombre de persona Serís, Homero,
Fechas asociadas al nombre 1879-1969
9 (RLIN) 105555
830 0# - PUNTO DE ACCESO ADICIONAL DE SERIE-TÍTULO UNIFORME
Título uniforme La Lupa y el Escalpelo ;
Designación de volumen o secuencia 5
9 (RLIN) 186878
852 ## - LOCALIZACIÓN
Ubicación ES-MaACL
Número de control de estantería E-8330
Sublocalización o colección R.92676
Holdings
Estatus retirado Estado de pérdida Estado de daño No para préstamo Biblioteca de origen Biblioteca actual Ubicación en estantería Fecha de adquisición Fuente de adquisición Total de préstamos Signatura topográfica completa Código de barras Visto por última vez Precio de reemplazo Tipo de ítem Koha
        Biblioteca del Ateneo de Madrid Biblioteca del Ateneo de Madrid Depósito 2 17/01/2008     E-8330 1104455 23/02/2023 23/02/2023 Libro impreso